| 000 | 00794naa a22002537a 4500 | ||
|---|---|---|---|
| 001 | BR8703925 | ||
| 003 | BR-BrBNA | ||
| 005 | 20250721154516.0 | ||
| 007 | ta | ||
| 008 | 250630b bl.|||m| |||| 00| 0 por d | ||
| 040 |
_aBR-BrBNA _bpor _cBiblioteca Nacional de Agricultura |
||
| 041 | _a(Pt) | ||
| 072 |
_aL74 _b5212 |
||
| 090 | _aL74 BR8703925 | ||
| 100 | 1 | _aBorges, A.R. | |
| 245 | 1 | _aPlantas toxicas fotossensibilizantes para bovinos (Revisao de literatura) | |
| 500 | _aBoletim do IESA Belo Horizonte, MG (Brasil): 1982. p. 13-28 [Bibliography p. 25-28 (51 ref.)] (BR8703925-AMS) | ||
| 650 | _aBOVINO | ||
| 650 | _aFOTOSSENSIBILIDADE | ||
| 650 | _aPLANTA TOXICA | ||
| 490 |
_aBoletim do IESA (Brazil) _vv. 1(1) |
||
| 942 |
_cAMS _2AGRIS |
||
| 909 |
_a202506 _bLúcia _c55 _dLúcia Elande |
||
| 999 |
_c335235 _d335235 |
||